000 00949nam a2200325 a 4500
003 AR-BaBNM
005 20251128205505.0
008 082120s2002 ||||||||||||||000 | spa||
020 _a84-7827-122-8
040 _cAR-BaBNM
100 1 _aCorbalán, Fernando
245 0 0 _aLa matemática aplicada a la vida cotidiana
250 _a1ª ed.
260 _aBarcelona
_bGraó
_c1995
300 _a172 p.
_btablas, il.
490 0 _aBiblioteca de aula
_vv. 6
500 _aContiene referencias bibliográficas en notas a pie de página
500 _aSolución de los problemas p. 161-172
650 4 _aCALCULO
650 4 _aTECNICAS DE ENSEÑANZA
650 4 _aCONCEPTOS NUMERICOS
650 4 _aENSEÑANZA DE LAS MATEMATICAS
650 4 _aGEOMETRIA
650 4 _aCONCEPTOS GEOMETRICOS
650 4 _aACTIVIDADES DE APRENDIZAJE
650 4 _aJUEGOS EDUCATIVOS
653 _aOPERACIONES MATEMATICAS
942 _cBK
998 _csilvi
999 _c11609
_d11609